| 000 | 00655nam a2200205 a 4500 | ||
|---|---|---|---|
| 003 | BD-DhJNU | ||
| 005 | 20251119041438.0 | ||
| 008 | 251001s2013 ii a b 001 0 eng | ||
| 020 | _a9788192154213 | ||
| 040 |
_aBD-DhJNU _bENG _cBD-DhJNU _dBD-DhJNU |
||
| 082 | 0 | 0 |
_a741.0954 BAC _223 |
| 100 | 1 | _aBanerjee, Reshmi | |
| 245 | 1 | 0 |
_aCelebration 2013 Kolkata : _bthrough the eyes of artists : books of drawings / _cReshmi Banerjee |
| 260 |
_aKolkata : _bAramva Publishers, _c2013. |
||
| 300 |
_a68 p. : _bill. ; _c26 cm. |
||
| 504 | _aIncludes bibliographical references and index. | ||
| 650 | 0 | _aArtistic drawings | |
| 650 | 0 | _aKolkata sketches | |
| 942 | _cBK | ||
| 999 |
_c2384 _d2384 |
||